000 00614nam a2200241Ia 4500
003 OSt
005 20221006142532.0
006 a|||||r|||| 00| 0
007 ta
008 221006b |||||||| |||| 00| 0 eng d
020 _c22.50
024 _a6,550
037 _cTextual
040 _aEASL
_cEASL
_beng
041 _2eng
_aeng
082 _aY:1.1.N6, L1
100 _aDUTTA Ratna
_9242055
245 0 _aValues in models of modernization
260 _aDelhi
_bVIkas Pub.
_c1971
300 _ax,137p.
_ccm.
942 _hY:1.1.N6, L1
_cTEXL
_2CC
999 _c1074636
_d1074636